00613nam a2200145Ia 4500008004100000024005600041082001700097100007200114245006800186260002600254600002500280650003800305856010700343999001700450260210s9999 xx 000 0 und d a16B-002-SE, 16B-025-SE, 16B-036-SE & 16B-118-SE a004.9072 SYE aSyed Sammak Hussain, Dua Durrani, Abdul Aziz Khan & Resham Atta 0aObject Identification and Feedback for Visually Impaired People aKarachi:bUITU,c2016 aSoftware Engineering aBachelor of Computer Science (BS) uhttps://drive.google.com/file/d/1pTHJ1tA__FIA2_hp5Ng6MU99anvu_9zL/view?usp=sharingyClick here for PDF c33442d33442